000 00670pam a2200217 a 4500
001 1996364
005 20250223191454.0
008 901213s1992 nyua b 001 0 eng c
020 _a0881677647
050 0 0 _aRL120.L37
_bA85 1992
082 0 0 _a617.4/77059
_220
245 0 0 _aAtlas of cutaneous laser surgery /
_ceditor, David B. Apfelberg.
260 _aNew York :
_bRaven Press,
_cc1992.
300 _axii, 483 p. :
_bill. (some col.) ;
_c29 cm.
650 0 _aLasers
_xTherapeutic use
_xAtlases.
650 0 _aSkin
_xSurgery
_xAtlases.
650 2 _aLaser Surgery
_xatlases.
650 2 _aSkin
_xsurgery
_xatlases.
700 1 _aApfelberg, David B.
942 _2lcc
_cBK
_n0
999 _c4233
_d4233